The Bibliotaph, and Other People (Record no. 250527)
[ view plain ]
| 000 -LEADER | |
|---|---|
| fixed length control field | 01293cam a22003133a 4500 |
| 001 - CONTROL NUMBER | |
| control field | 21272 |
| 003 - CONTROL NUMBER IDENTIFIER | |
| control field | PGUSA |
| 005 - DATE AND TIME OF LATEST TRANSACTION | |
| control field | 20140828083443.0 |
| 008 - FIXED-LENGTH DATA ELEMENTS--GENERAL INFORMATION | |
| fixed length control field | 070502s2007||||xxu|||||s|||||000 i eng d |
| 040 ## - CATALOGING SOURCE | |
| Original cataloging agency | PGUSA |
| Language of cataloging | eng |
| 042 ## - AUTHENTICATION CODE | |
| Authentication code | dc |
| 050 #4 - LIBRARY OF CONGRESS CALL NUMBER | |
| Classification number | PN |
| 100 1# - MAIN ENTRY--PERSONAL NAME | |
| Personal name | Vincent, Leon H. |
| Fuller form of name | (Leon Henry), |
| Dates associated with a name | 1859-1941 |
| 245 14 - TITLE STATEMENT | |
| Title | The Bibliotaph, and Other People |
| Medium | [electronic resource] / |
| Statement of responsibility, etc | Leon H. Vincent |
| 260 ## - PUBLICATION, DISTRIBUTION, ETC. (IMPRINT) | |
| Name of publisher, distributor, etc | Project Gutenberg, |
| Date of publication, distribution, etc | 2007 |
| 505 0# - FORMATTED CONTENTS NOTE | |
| Formatted contents note | The bibliotaph, a portrait not wholly imaginary -- The bibliotaph, his friends, scrapbooks, and 'bins' -- Last words on the bibliotaph -- Thomas Hardy -- A reading in the letters of John Keats -- An Elizabethan novelist -- The autobiography of a fair-minded man -- Concerning a red waistcoat -- Stevenson, the vagabond and the philosopher -- Stevenson's St. Ives. |
| 506 ## - RESTRICTIONS ON ACCESS NOTE | |
| Terms governing access | Public domain in the USA. |
| 516 ## - TYPE OF COMPUTER FILE OR DATA NOTE | |
| Type of computer file or data note | Electronic text |
| 653 ## - INDEX TERM--UNCONTROLLED | |
| Uncontrolled term | Priestley, Joseph, 1733-1804 |
| 653 ## - INDEX TERM--UNCONTROLLED | |
| Uncontrolled term | Lyly, John, 1554?-1606 |
| 653 ## - INDEX TERM--UNCONTROLLED | |
| Uncontrolled term | Hardy, Thomas, 1840-1928 |
| 653 ## - INDEX TERM--UNCONTROLLED | |
| Uncontrolled term | Keats, John, 1795-1821 |
| 653 ## - INDEX TERM--UNCONTROLLED | |
| Uncontrolled term | Stevenson, Robert Louis, 1850-1894 |
| 653 ## - INDEX TERM--UNCONTROLLED | |
| Uncontrolled term | Gautier, Théophile, 1811-1872 |
| 653 ## - INDEX TERM--UNCONTROLLED | |
| Uncontrolled term | Book collectors |
| 830 #0 - SERIES ADDED ENTRY--UNIFORM TITLE | |
| Uniform title | Project Gutenberg |
| Volume number/sequential designation | 21272 |
| 856 40 - ELECTRONIC LOCATION AND ACCESS | |
| Uniform Resource Identifier | <a href="http://www.gutenberg.org/ebooks/21272">http://www.gutenberg.org/ebooks/21272</a> |
| 942 ## - ADDED ENTRY ELEMENTS (KOHA) | |
| Koha item type | eBooks |
| Withdrawn status | Lost status | Damaged status | Home library | Current library | Date acquired | Total Checkouts | Date last seen | Price effective from | Koha item type |
|---|---|---|---|---|---|---|---|---|---|
| Project Gutenberg | Project Gutenberg | 08/28/2014 | 08/28/2014 | 08/28/2014 | eBooks |